| 000 | 00835nam a22001815i 4500 | ||
|---|---|---|---|
| 001 | 52969 | ||
| 003 | ES-MaACL | ||
| 005 | 20230906162658.0 | ||
| 007 | t| | ||
| 008 | 950906s1898 sz ||||1| fre d | ||
| 040 |
_aCAM _bspa _cCAM |
||
| 100 | 1 |
_aDonadiu y Puignau, Delfín. _945273 |
|
| 245 | 1 | 3 |
_aLe vrai titre de la croix _b: compte rendu du quatrième Congrès Scientifique International des Catholiques tenu a Fribourg (Suisse) du 16 au 20 aout 1897 / _cDelfin Donadiu y Puignau. |
| 260 |
_aFribourg : _bimprimerie et libraire de l'oeuvre de Saint-Paul, _c1898. |
||
| 300 |
_a[4], 13 p., [4] h. de lám. ; _c25 cm. |
||
| 711 | 2 |
_aCongrès Scientifique International des Catholiques ( _n4e. _d1897. _cFribourg) _9279 |
|
| 852 |
_aES-MaACL _jT-840-F-2 _z.- Enc. en un vol. facticio conservando la enc. original _z.- Ded. ms. del autor |
||
| 999 |
_c52969 _d52969 |
||